[Event "Cto por equipos de Aragon- Play-offs 394"]
[Site "ZARAGOZA (Agrupacion Artístic"]
[Date "2025.03.29"]
[Round "10.25"]
[White "Mombiela De Sus, Jose Luis"]
[Black "Gella Lopez, Angel"]
[Result "1-0"]
[WhiteElo "1894"]
[BlackElo "1961"]
[PlyCount "83"]
[GameId "2166500349068012"]
[EventDate "2025.03.29"]
[WhiteTeam "Las Fuentes"]
[BlackTeam "Atletismo Huesca"]

1. f4 Nf6 2. Nf3 d5 3. g3 Bf5 4. Bg2 e6 5. O-O c5 6. d3 h6 7. Ne5 Nbd7 8. Nc3 Bh7 9. e4 d4 10. Nxd7 Nxd7 11. Ne2 Be7 12. c4 dxc3 13. bxc3 O-O 14. Rb1 Rb8 15. c4 Qa5 16. Bd2 Qc7 17. a4 Rbd8 18. Nc3 a6 19. Qh5 Nb8 20. Rf3 Nc6 21. Ne2 b6 22. Bc3 Nd4 23. Nxd4 cxd4 24. Bd2 Bg6 25. Qh3 f5 26. Rff1 Bc5 27. a5 bxa5 28. exf5 exf5 29. Rb7 Qd6 30. Bd5+ Kh7 31. Re1 Rde8 32. Qf1 Bb4 33. Qf2 Rxe1+ 34. Bxe1 Bxe1 35. Qxe1 Re8 36. Qf2 Re3 37. Qb2 Rxd3 38. Rb8 Bf7 39. Bxf7 Qd7 40. Rh8+ Kxh8 41. Qb8+ Kh7 42. Qg8# 1-0

[Event "Cto por equipos de Aragon- Play-offs 394"]
[Site "ZARAGOZA (Agrupacion Artístic"]
[Date "2025.03.29"]
[Round "10.26"]
[White "Molina Cubero-Luna, German"]
[Black "Javierre Conesa, Alfonso"]
[Result "0-1"]
[WhiteElo "1914"]
[BlackElo "1891"]
[PlyCount "108"]
[GameId "2166500349104877"]
[EventDate "2025.03.29"]
[WhiteTeam "Atletismo Huesca"]
[BlackTeam "Las Fuentes"]

1. Nf3 d5 2. d4 Nf6 3. e3 e6 4. Bd3 c5 5. b3 Nbd7 6. O-O b6 7. Nbd2 Bb7 8. Bb2 Be7 9. Ne5 O-O 10. f4 Ne4 11. Rf3 f5 12. Rh3 Ndf6 13. Qe2 Rc8 14. Ndf3 Bd6 15. Rf1 Rc7 16. dxc5 Nxc5 17. Ng5 Qc8 18. Rf2 Nxd3 19. cxd3 Qe8 20. Ngf3 Ng4 21. Rf1 Qc8 22. Nd4 Nf6 23. Qf3 a6 24. Rh4 Qe8 25. Qh3 Bc8 26. Rf3 g6 27. Rf1 Bxe5 28. fxe5 Ng4 29. Ba3 Rff7 30. Bd6 Rc3 31. Rd1 Qd8 32. Qg3 Qg5 33. Rh3 Qd8 34. Qe1 Rc5 35. Bxc5 bxc5 36. Nf3 d4 37. exd4 cxd4 38. Rc1 Bb7 39. Rc5 Rd7 40. Qc1 Ne3 41. Rh4 Kg7 42. Rh3 Qe7 43. Qb2 Qxc5 44. Ng5 Qd5 45. Nxh7 Qxg2+ 46. Qxg2 Bxg2 47. Rxe3 dxe3 48. Nf6 Rxd3 49. Kxg2 Rd2+ 50. Kf1 Rxa2 51. Ne8+ Kf8 52. Nc7 Ke7 53. h4 Kd7 54. Na8 Kc6 0-1

[Event "Cto por equipos de Aragon- Play-offs 394"]
[Site "ZARAGOZA (Agrupacion Artístic"]
[Date "2025.03.29"]
[Round "10.27"]
[White "Gomez Calomarde, Saul"]
[Black "Montoro Mavilla, Sergio"]
[Result "1/2-1/2"]
[WhiteElo "2068"]
[BlackElo "1955"]
[PlyCount "83"]
[GameId "2166500349149934"]
[EventDate "2025.03.29"]
[WhiteTeam "Teruel B"]
[BlackTeam "Jaque - Aramovil B"]

1. Nf3 Nf6 2. e3 d5 3. c4 e6 4. Be2 Bd6 5. Nc3 O-O 6. O-O c6 7. d4 Nbd7 8. Qc2 Qe7 9. e4 Nxe4 10. Nxe4 dxe4 11. Qxe4 e5 12. dxe5 Nxe5 13. Nxe5 Qxe5 14. Qxe5 Bxe5 15. Bd3 Rd8 16. Bc2 Be6 17. c5 Bd4 18. Be3 Bxe3 19. fxe3 Rd2 20. Rf2 Rad8 21. Rxd2 Rxd2 22. Rd1 Rxd1+ 23. Bxd1 Bxa2 24. e4 Bb1 25. Bf3 f6 26. Kf2 Kf7 27. Ke3 Ke6 28. Kd4 g6 29. Bd1 b6 30. Bg4+ f5 31. exf5+ Bxf5 32. Bf3 Kd7 33. g4 Bc2 34. cxb6 axb6 35. Ke5 c5 36. g5 Ke7 37. Bd5 Ba4 38. h4 Bd1 39. Bc4 Bf3 40. Kf4 Bd1 41. Ke5 Bf3 42. Kf4 1/2-1/2

[Event "Cto por equipos de Aragon- Play-offs 394"]
[Site "ZARAGOZA (Agrupacion Artístic"]
[Date "2025.03.29"]
[Round "10.28"]
[White "Carrasquer Alonso, Luis"]
[Black "Romo Ramirez, Antonio"]
[Result "1-0"]
[WhiteElo "1866"]
[BlackElo "1981"]
[PlyCount "65"]
[GameId "2166500349190895"]
[EventDate "2025.03.29"]
[WhiteTeam "Jaque - Aramovil B"]
[BlackTeam "Teruel B"]

1. d4 g6 2. g3 Bg7 3. Bg2 c6 4. e4 d6 5. Nf3 Nf6 6. Qe2 O-O 7. O-O Qa5 8. Nbd2 Qh5 9. Re1 Bg4 10. Nf1 Nbd7 11. Ne3 Bh3 12. Nd2 Qxe2 13. Rxe2 Bxg2 14. Kxg2 e5 15. d5 cxd5 16. exd5 b5 17. c4 Nb6 18. b3 Rfc8 19. Ba3 Bf8 20. Rd1 a6 21. Bb2 Bg7 22. a3 h6 23. f3 Ne8 24. cxb5 axb5 25. Ne4 Nd7 26. Nc3 Rab8 27. b4 f5 28. Rc2 f4 29. Nf1 Nb6 30. Rdc1 Nc7 31. Ne4 Ne8 32. Nfd2 Nxd5 33. Rxc8 1-0

[Event "Cto por equipos de Aragon- Play-offs 394"]
[Site "ZARAGOZA (Agrupacion Artístic"]
[Date "2025.03.29"]
[Round "10.29"]
[White "Barcena Laguia, Francisco"]
[Black "Zazuliak, Kostiantyn"]
[Result "0-1"]
[WhiteElo "1855"]
[BlackElo "1891"]
[PlyCount "122"]
[GameId "2166500349285104"]
[EventDate "2025.03.29"]
[WhiteTeam "Teruel B"]
[BlackTeam "Jaque - Aramovil B"]

1. d4 d6 2. e4 Nf6 3. Nc3 e5 4. d5 Be7 5. Bb5+ c6 6. Be2 cxd5 7. exd5 O-O 8. Nf3 Nfd7 9. h4 f5 10. Bg5 h6 11. Bxe7 Qxe7 12. Nb5 Nf6 13. Qd2 a6 14. Nc3 Nbd7 15. Nh2 Nc5 16. O-O-O Nfe4 17. Qe1 Qxh4 18. g3 Qf6 19. f3 Nxc3 20. Qxc3 b5 21. Nf1 Bd7 22. Nd2 Rfc8 23. Qe3 Na4 24. Nb3 a5 25. Kb1 Nc5 26. f4 exf4 27. Qxf4 Qe5 28. Nd4 Qxf4 29. gxf4 b4 30. Rh5 Ne4 31. Rg1 Nf6 32. Rxh6 Kf7 33. Rhg6 Ng4 34. Rxd6 Rd8 35. Nf3 Ba4 36. Ng5+ Kg8 37. Rg6 Be8 38. Rb6 Bf7 39. Nxf7 Kxf7 40. Bc4 Rdc8 41. Rb7+ Kf6 42. Re1 Re8 43. Rb6+ Kf7 44. d6+ Kf8 45. Rh1 Nh6 46. Rb7 Re4 47. b3 Rd4 48. d7 Rxf4 49. Rc7 Rd8 50. Kc1 Re4 51. Ba6 Ke7 52. Bc8 f4 53. Rc4 Rxc4 54. bxc4 Rf8 55. Re1+ Kd8 56. c5 f3 57. Kd2 f2 58. Rf1 Ng4 59. Ke2 Rf6 60. c6 Rxc6 61. Kf3 Nh2+ 0-1

[Event "Cto por equipos de Aragon- Play-offs 394"]
[Site "ZARAGOZA (Agrupacion Artístic"]
[Date "2025.03.29"]
[Round "10.30"]
[White "Vizcarra Susin, Sergio"]
[Black "Alonso Roche, Cesar"]
[Result "1/2-1/2"]
[WhiteElo "1658"]
[BlackElo "1748"]
[PlyCount "66"]
[GameId "2166500349334257"]
[EventDate "2025.03.29"]
[WhiteTeam "Jaque - Aramovil B"]
[BlackTeam "Teruel B"]

1. d4 d6 2. Bf4 Nd7 3. Nf3 Ngf6 4. e3 e6 5. c4 Be7 6. h3 O-O 7. Be2 b6 8. O-O Bb7 9. Nc3 Ne4 10. Nxe4 Bxe4 11. Bd3 Bxd3 12. Qxd3 Bf6 13. Rad1 e5 14. dxe5 Nxe5 15. Nxe5 Bxe5 16. Bxe5 dxe5 17. Rd2 Qxd3 18. Rxd3 Rfd8 19. Rfd1 Rxd3 20. Rxd3 Kf8 21. Rd5 Re8 22. g4 f6 23. Kg2 Ke7 24. Kf3 Rd8 25. Rxd8 Kxd8 26. Ke4 Ke7 27. b4 Ke6 28. f4 exf4 29. exf4 a6 30. c5 b5 31. f5+ Kd7 32. h4 c6 33. g5 h5 1/2-1/2